kku e-library facility

Principles of Information Systems (Record no. 140)

MARC details
000 -LEADER
fixed length control field 00465nam a2200145 4500
005 - DATE AND TIME OF LATEST TRANSACTION
control field 20260120095532.0
008 - FIXED-LENGTH DATA ELEMENTS--GENERAL INFORMATION
fixed length control field 260120b |||||||| |||| 00| 0 eng d
020 ## - INTERNATIONAL STANDARD BOOK NUMBER
International Standard Book Number 9781285072241
100 ## - MAIN ENTRY--PERSONAL NAME
Personal name Stair Ralph M. and Reynolds George W
245 ## - TITLE STATEMENT
Title Principles of Information Systems
Statement of responsibility, etc. /Ralph M. Stair
250 ## - EDITION STATEMENT
Edition statement 11th ed
260 ## - PUBLICATION, DISTRIBUTION, ETC.
Place of publication, distribution, etc. United States of American;
Name of publisher, distributor, etc. Course Technology, Cengage Learning;
Date of publication, distribution, etc. 2014.
300 ## - PHYSICAL DESCRIPTION
Extent xxxv, 716p.; ill.
Dimensions 27.5cm
942 ## - ADDED ENTRY ELEMENTS (KOHA)
Source of classification or shelving scheme Library of Congress Classification
Suppress in OPAC No
Koha item type Books

No items available.

©2025 All rights reserved. KKU